[Event "Chinese-ch Men 2020"]
[Site "Xinghua"]
[Date "2020.12.24"]
[Round "6.3"]
[White "Huang, Renjie"]
[Black "Yu, Yangyi"]
[Result "1/2-1/2"]
[WhiteElo "2422"]
[BlackElo "2709"]
[Annotator "TA"]
[PlyCount "274"]
[EventDate "2020.12.19"]
[EventType "tourn"]
[EventCountry "CHN"]
[SourceTitle "playchess.com"]
[Source "ChessBase"]
[SourceQuality "1"]

{[%evp 9,274,-10,29,-21,-1,-21,-16,-27,0,0,0,-7,-7,-10,8,0,22,33,33,33,37,0,6,-22,-22,-29,-11,-149,-149,-140,-110,-156,-83,-123,-92,-75,-102,-84,-104,-117,-77,-328,-363,-358,-337,-369,-391,-512,-492,-435,-374,-374,-374,-377,-322,-358,-358,-331,-325,-287,-257,-378,-352,-351,-344,-522,-493,-518,-508,-630,-637,-654,-635,-487,-467,-566,-554,-571,-559,-567,-564,-558,-549,-491,-304,-304,-294,-299,-287,-495,-494,-493,-452,-462,-433,-362,-281,-339,-318,-497,-307,-270,-72,-79,-64,-68,-64,-65,-66,-80,-80,-162,-162,-162,-162,-162,-162,-162,-162,-162,-162,-162,-162,-162,-162,-162,-162,-162,-162,-162,0,-162,-162,-162,-162,-162,-162,-162,-162,-162,-162,-162,-162,-162,-36,-36,0,-162,-162,-162,-162,-162,-162,-162,-162,-162,-162,-162,0,-162,-162,-162,-162,-162,0,-162,-162,-162,-26,-162,-34,-36,-12,-13,-13,-13,-13,-13,-13,-13,0,0,0,0,0,0,0,0,0,0,0,0,0,0,0,0,0,0,0,-8,-8,-8,-8,-8,-8,-8,-8,-8,-8,-8,-8,-13,-13,-13,-13,-13,-20,-20,-8,-8,-8,-8,0,-8,-8,-8,-8,-8,-8,-28,-8,-8,-8,-8,-8,-28,-28,-28,-8,-8,-8,-8,-8,-8,-8,-8,0,-8,0,-20,0,-20,0,-28,-20,-20,0,0,0,-8,0,0,0,0,0,0,0]} 1. e4 c5 2. Nf3 Nc6 3. Bb5 e6 4. O-O Nge7 5. Nc3 Ng6 (5... a6 $5 {[%cal Ra6b5]} 6. Be2 d5 $11) 6. Bxc6 {B30: Sicilian: 2...Nc6 3 Bb5, lines without ...g6.} bxc6 7. d3 e5 8. Be3 {[#]} d5 $146 ({Predecessor:} 8... Be7 9. Na4 d6 10. h3 O-O 11. Nd2 f5 12. exf5 Bxf5 13. Ne4 Qd7 14. Qh5 c4 {0-1 (31) Guix Torres,D (2011)-Perpinya Rofes,L (2401) Barbera del Valles 2012}) 9. Na4 d4 10. Bg5 f6 11. Bc1 h5 12. b3 Bg4 13. h3 $1 {[%cal Rh3g4]} Bd7 14. Ba3 Nf4 15. Kh1 (15. Nxc5 Qa5 $17) 15... g5 16. Bxc5 {[#]} Bg4 $1 17. Bxf8 (17. hxg4 hxg4+ 18. Nh2 Qd7 $19) 17... Kxf8 18. g3 (18. hxg4 $2 hxg4+ 19. Nh4 Rxh4+ 20. Kg1 Qd7 $19) (18. c3 $11 {keeps the balance.}) 18... Nxh3 $17 19. Kg2 Qe7 20. Rh1 Kf7 ({Black should try} 20... h4 $1 21. Nxe5 (21. Rxh3 $2 Bxh3+ 22. Kxh3 g4+ {[%mdl 64] Double Attack} 23. Kg2 gxf3+ 24. Qxf3 hxg3 $19) 21... Bxd1 22. Ng6+ Kf7 23. Nxe7 Nxf2 $1 {[%mdl 64] Remove Defender}) 21. Qd2 Bxf3+ 22. Kxf3 g4+ 23. Ke2 f5 24. exf5 {[#]} e4 $1 {White must now prevent ...Rae8.} 25. Rhf1 $2 {[%mdl 8192]} (25. Kd1 $17 {keeps fighting.}) 25... Rae8 $19 26. Rae1 {[#]} Nxf2 $1 {[%mdl 512]} 27. dxe4 ({But not} 27. Rxf2 e3) (27. Qa5 e3) 27... Nxe4 {[%mdl 64] Double Attack} 28. Qxd4 Rd8 {[%cal Be8d8,Bd8d5,Bd5d2][%mdl 32]} 29. Qc4+ Rd5 30. Qxc6 Ng5+ 31. Kf2 Rd2+ 32. Kg1 Nf3+ 33. Qxf3 gxf3 34. Rxe7+ Kxe7 35. Rxf3 (35. Rf2 $142 Rd1+ 36. Rf1 Rxf1+ 37. Kxf1) 35... Rxc2 {[%mdl 4096] Endgame KRR-KRN} 36. Nc3 Rd8 37. Kf1 (37. Re3+ $142 Kf7 38. Ne2) 37... Rdd2 {( -> ...Rc1+)} 38. Re3+ Kf7 {...Rc1+ is the strong threat.} 39. Ne2 Rxa2 40. Ke1 Rdb2 41. Kf2 Ra5 42. Kf3 Rxf5+ 43. Ke4 Kf6 44. Kd4 Rd2+ 45. Kc3 Rd7 46. Nf4 h4 47. Nh3 hxg3 48. Rxg3 a5 49. Ng1 $2 (49. Kc2) 49... Rc5+ 50. Kb2 Rd2+ 51. Ka3 {and the idea b4 leaves White hopeful.} Rcc2 {[%csl Gd2][%cal Rc2a2]} 52. Ka4 Ra2+ 53. Kb5 Rd4 54. Rf3+ (54. Kc5 $142 Rb4 55. Rf3+ Kg6 56. Rg3+ Kh5 57. Rh3+ Kg4 58. Re3) 54... Ke7 55. Kc5 Rd1 $2 (55... Rb4 $19 {has better winning chances.} 56. Re3+ Kf8 57. Rf3+ Kg8 58. Rg3+ Kf7 59. Rf3+ Kg6 60. Rg3+ Kh5 61. Rh3+ Kg4) 56. Re3+ $17 Kd7 (56... Kf6 {is interesting.} 57. Ne2 Rb2 58. Nd4 Rh2 59. Re6+ Kf7) 57. Nf3 Rh1 58. Ne5+ Kc7 59. Nc4 Rh5+ 60. Re5 (60. Kd4 $17) 60... Rah2 $19 61. Rxh5 Rxh5+ {KR-KN} 62. Kd4 Kc6 63. Kc3 Kb5 64. Na3+ Kc5 65. Nc2 Rh3+ 66. Kb2 Rd3 67. Ne1 Rg3 68. Nc2 Kd5 69. Ka3 Kc5 70. Kb2 $1 Rh3 71. Ka2 Rh2 72. Kb2 Kd5 73. Kc3 Rh3+ 74. Kb2 Ke4 {And now ...Kd3 would win.} 75. Na3 Kd4 {Strongly threatening ...Rh2+.} 76. Nb5+ Kd3 ({Black should play} 76... Kc5 $19 77. Na3 Rh6) 77. Nd6 $15 Kd4 (77... Rh1 $15) 78. Nb5+ $19 Kd5 79. Na3 Rh2+ 80. Nc2 Kc6 81. Kc3 Kb5 82. Na3+ Kc5 83. Nc2 Rh3+ 84. Kb2 Rh1 85. Kc3 Rh4 86. Kb2 Rh3 87. Ka2 $1 Rh1 88. Kb2 Kd5 (88... Kb6 $19 {Threatens to win with ...Rh3.} 89. Ka2 Kc5) 89. Kc3 (89. b4 $11) 89... Ke4 (89... Kc6 $19 {aiming for ...Rh2.} 90. Kd4 Rh4+ 91. Kd3 Kd5) 90. Na3 $15 Ra1 (90... Rh2 {with more complications.} 91. Nc4 Rh5 92. Kb2 Kd4 93. Ka3 Rb5) 91. Kb2 Rg1 {Hoping for ...Rg2+.} (91... Rd1 {seems wilder.} 92. Nc4 a4 93. bxa4 Rd3 94. a5 Kd4) 92. Nc4 Rg5 93. Ka3 $1 Kd4 94. Ka4 Kc3 95. Nxa5 Rg4+ 96. Kb5 Rb4+ 97. Kc5 Rb8 (97... Rf4 {seems wilder.} 98. Kb5 Rf5+ 99. Ka4 Rf6 100. b4 Rg6) 98. Nc6 Rxb3 (98... Rf8 {keeps more tension.} 99. Nd4 Rf1 100. b4 Kd3 101. Kd5 Ke3) 99. Ne5 Rb8 100. Kd5 Rd8+ 101. Ke4 Rd1 102. Ke3 (102. Nf3 {is more complex.} Rd3 103. Kf4 Kc2 104. Ne5 Rd4+ 105. Kf5) 102... Re1+ 103. Kf4 Re2 104. Nf3 Kc4 105. Ne5+ Kd5 106. Nf3 Re8 107. Kf5 Rf8+ 108. Kg4 Ke4 109. Ng5+ Ke3 110. Kg3 Rf4 111. Nh3 $1 Rb4 112. Ng5 Ra4 113. Nh3 Ra1 114. Kg4 Ra8 115. Ng5 Rf8 116. Ne6 Rf6 117. Ng5 Kd3 118. Kg3 Kd4 (118... Ke2 {keeps more tension.} 119. Kg4 Rf2 120. Ne6 Kd2 121. Ng5 Kc1) 119. Kg4 Ke3 120. Kg3 Rf8 (120... Rf2 {looks sharper.} 121. Kg4 Ke2 122. Ne6 Kd1 123. Ng5 Rf6) 121. Kg4 Rf1 122. Nh3 Kd4 123. Ng5 Kd5 124. Nf3 Ra1 125. Kf4 Ra4+ 126. Kf5 Ra8 127. Kf4 $1 Re8 128. Kf5 Rf8+ 129. Kg4 Ke4 130. Ng5+ Ke3 131. Kg3 Rf5 (131... Ke2 {feels hotter.} 132. Kg4 Kd3 133. Nh3 Kd4 134. Kg3 Ke4) 132. Kg4 {The position is equal.} Re5 133. Nf7 Ra5 134. Ng5 Ra8 135. Kf5 Rf8+ 136. Ke5 Re8+ 137. Kf5 Rf8+ {Black had all chances to win.  Weighted Error Value: White=0.39/Black=0.19} 1/2-1/2

[Event "Chinese-ch Men 2020"]
[Site "Xinghua"]
[Date "2020.12.24"]
[Round "6.4"]
[White "Lin, Yi"]
[Black "Zhao, Jun"]
[Result "1-0"]
[WhiteElo "2408"]
[BlackElo "2638"]
[Annotator "TA"]
[PlyCount "49"]
[EventDate "2020.12.19"]
[EventType "tourn"]
[EventCountry "CHN"]
[SourceTitle "playchess.com"]
[Source "ChessBase"]
[SourceQuality "1"]

{[%evp 12,49,96,96,90,87,87,83,101,75,89,103,126,135,150,158,152,139,296,285,300,241,241,187,181,222,393,392,426,423,485,489,776,783,1187,1155,1410,1387,29989,29990]} 1. d4 g6 2. c4 Bg7 3. e4 d6 4. Nc3 c5 5. d5 e5 6. h4 Nf6 7. Be2 h5 {E73: King's Indian: Averbakh Variation without 6...c5.} 8. Bg5 Na6 9. Qd2 {[#]} Bd7 $146 {White is better.} ({Predecessor:} 9... Nc7 10. O-O-O Qe7 11. f4 exf4 12. e5 Qxe5 13. Re1 O-O 14. Bd3 Qxe1+ 15. Qxe1 Re8 16. Qd2 b5 17. Bxf4 {1-0 (17) Beliavsky,A-Uddenfeldt,D Groningen 1971}) 10. O-O-O Qb8 11. f4 Nh7 12. f5 gxf5 13. exf5 (13. Bxh5 f4 $14) 13... Bxf5 14. Bh6 O-O (14... Bxh6 $16 15. Qxh6 Ke7) 15. Bxh5 $18 b5 16. cxb5 Nb4 {[#] White must now prevent ...Nd3+.} 17. Rf1 $36 {[%mdl 2048] Keeping Black busy.} Nd3+ 18. Kd1 Bxh6 (18... Nf4) 19. Qxh6 Nxb2+ 20. Kd2 Qc8 21. Nh3 f6 (21... Nc4+ $142 22. Kc1 Qd7) 22. g4 Bd3 23. g5 {[%cal Rg5f6]} Bxf1 24. gxf6 {[%csl Gf6][%cal Rh6g7] [#]} Nc4+ 25. Kc1 {[%csl Gf6][%cal Rh6g7] Black got outplayed after the opening.  Weighted Error Value: White=0.06/Black=0.74} 1-0

[Event "Chinese-ch Men 2020"]
[Site "Xinghua"]
[Date "2020.12.24"]
[Round "6.5"]
[White "Bai, Jinshi"]
[Black "Xu, Yinglun"]
[Result "1-0"]
[WhiteElo "2618"]
[BlackElo "2554"]
[Annotator "TA"]
[PlyCount "64"]
[EventDate "2020.12.19"]
[EventType "tourn"]
[EventCountry "CHN"]
[SourceTitle "playchess.com"]
[Source "ChessBase"]
[SourceQuality "1"]

{[%evp 11,64,20,23,15,24,18,24,20,20,20,21,31,31,31,28,25,31,31,30,29,33,37,33,31,32,29,20,0,10,9,29,24,43,47,135,113,118,125,185,71,51,33,66,25,28,26,27,38,32,0,0,0,60,54,273]} 1. d4 d5 2. c4 e6 3. Nc3 Be7 4. cxd5 exd5 5. Bf4 c6 6. Qc2 Bd6 7. Bxd6 {D31: Queen's Gambit Declined: Semi-Slav without ...Nf6 (+ Marshall Gambit and Noteboom) and Exchange Variation lines without ...Nf6.} Qxd6 8. e3 Ne7 9. Bd3 {White has an edge.} b6 10. Nf3 ({But not} 10. Bxh7 $2 f5 $19) 10... Ba6 11. O-O Bxd3 12. Qxd3 O-O 13. Rac1 Nd7 14. Rc2 {[#]} Rfd8 $146 ({Predecessor:} 14... Qg6 15. Qxg6 hxg6 16. Ne2 f6 17. h4 Kf7 18. Nf4 Rfd8 19. Rfc1 Nf8 20. Ne1 {½-½ (20) Harikrishna,P (2563)-Kasimdzhanov,R (2680) Mumbai 2003}) 15. Rfc1 a5 16. b3 Rab8 17. Ne2 Ra8 18. Ng3 {Black must now prevent Nf5.} g6 19. a4 Kg7 20. h4 Qe6 21. h5 Qg4 22. Re1 f5 (22... Re8 $14) 23. Ne2 gxh5 24. Nf4 Kf7 (24... Kh8 $16) 25. Ne5+ (25. Rec1 $18) 25... Nxe5 $16 26. dxe5 Qg7 27. e6+ Kg8 28. Nxh5 Qg5 29. Nf4 Rd6 30. f3 Ng6 31. Rec1 c5 ({Black should play} 31... Nxf4 $11 32. exf4 Qxf4) 32. Nxd5 $14 {[#] Nf6+! is the strong threat.} Re8 $2 {Weighted Error Value: White=0.10/Black=0.13} (32... Kf8 $14) 1-0

[Event "Chinese-ch Men 2020"]
[Site "Xinghua"]
[Date "2020.12.24"]
[Round "6.6"]
[White "Wei, Yi"]
[Black "Lu, Shanglei"]
[Result "1/2-1/2"]
[WhiteElo "2732"]
[BlackElo "2615"]
[Annotator "TA"]
[PlyCount "82"]
[EventDate "2020.12.19"]
[EventType "tourn"]
[EventCountry "CHN"]
[SourceTitle "playchess.com"]
[Source "ChessBase"]
[SourceQuality "1"]

{[%evp 20,82,35,21,15,14,12,12,18,21,16,31,37,39,54,0,0,0,0,0,0,0,0,0,0,0,0,0,0,0,0,-8,-13,-24,0,0,0,-14,0,0,0,0,0,0,0,0,0,0,0,0,0,0,0,0,0,0,0,0,0,0,0,0,0,0,0]} 1. e4 c5 2. Nf3 d6 3. d4 cxd4 4. Nxd4 Nf6 5. Nc3 a6 6. Be3 Ng4 7. Bg5 h6 8. Bh4 g5 9. Bg3 Bg7 10. h3 Ne5 11. Nf5 Bxf5 {B90: Sicilian Najdorf: Unusual White 6th moves, 6 Be3 Ng4 and 6 Be3 e5.} 12. exf5 Nbc6 13. Nd5 e6 14. fxe6 fxe6 15. Ne3 Qa5+ 16. c3 Nf3+ 17. gxf3 (17. Qxf3 $14 Bxc3+ 18. Kd1 Bxb2 19. Qe4 Bxa1 20. Qxe6+ Kd8 21. Qxd6+ Ke8 22. Qe6+ Ne7 23. Bc4 Rd8+ 24. Bd6 (24. Ke2 $2 Qd2+ 25. Kf3 Rf8+ 26. Kg4 Rf6 $19)) 17... Bxc3+ $1 $11 18. bxc3 Qxc3+ 19. Qd2 Qxa1+ 20. Nd1 Qd4 21. Bd3 Ne5 22. Bxe5 Qxe5+ {[#]} 23. Kf1 $146 ({Predecessor:} 23. Ne3 Qa1+ 24. Nd1 O-O 25. Qb4 Qe5+ 26. Ne3 b5 27. O-O Rf4 28. Qb1 Rc8 29. Ng4 {½-½ (53) Poljak,D (2422)-Querci,A (2320) ICCF email 2011}) 23... O-O 24. Be2 Rf4 25. Ne3 Rc8 {Black wants to play ...Qd4.} 26. Kg2 Qd4 27. Bd3 $1 {The position is equal.} h5 28. Rd1 Qc3 29. Qe2 Rcf8 30. Nf1 Qf6 {Strongly threatening ...g4.} 31. Nh2 d5 32. Bb1 Rf7 (32... Rc8 {feels hotter.} 33. Re1 Rc6 34. Bd3 Rb4 35. f4 Rxf4 36. Qxh5 Rxf2+ 37. Kg1 Qf4) 33. Rc1 e5 34. Qd3 {[#] Threatening mate with Rc8+.} e4 $1 {[%cal Re4d3]} 35. Qxd5 Rxf3 36. Qxe4 {Intending Rc8+ and mate.} ({Wrong is} 36. Nxf3 $2 Qxf3+ 37. Kh2 (37. Kg1 $2 Qxf2+ 38. Kh1 Qf3+ {[%mdl 64] Double Attack} 39. Kh2 Qf4+ 40. Kg2 Qf3+ 41. Kh2 Qf4+ 42. Kg2 Qxc1 $19) 37... Qxf2+ 38. Kh1 Qf3+ 39. Kh2 Qf4+ 40. Kg2 Qxc1 $19) 36... Rxf2+ 37. Kg1 {White threatens Rc8+ and mate.} Qd8 38. Nf1 R2f6 39. Ne3 Qd7 {[#] Threatens to win with ...Re6.} 40. Rc5 Re7 41. Qc4+ Qe6 {Weighted Error Value: White=0.03/Black=0.01} 1/2-1/2

[Event "Chinese-ch Men 2020"]
[Site "Xinghua"]
[Date "2020.12.25"]
[Round "7.1"]
[White "Lu, Shanglei"]
[Black "Xu, Xiangyu"]
[Result "1-0"]
[WhiteElo "2615"]
[BlackElo "2573"]
[Annotator "TA"]
[PlyCount "97"]
[EventDate "2020.12.19"]
[EventType "tourn"]
[EventCountry "CHN"]
[SourceTitle "playchess.com"]
[Source "ChessBase"]
[SourceQuality "1"]

{[%evp 23,97,15,26,11,18,2,22,29,26,18,25,30,35,4,8,0,1,6,35,39,39,39,39,30,37,35,37,37,76,74,79,79,116,123,142,144,143,154,163,162,152,114,111,111,308,301,377,360,349,357,470,282,450,449,661,658,769,734,1460,1386,5736,5710,5736,5710,5736,5720,5695,4706,1138,1033,29975,29978,29978,29979,29978,29979]} 1. e4 c5 2. Nf3 Nc6 3. d4 cxd4 4. Nxd4 Nf6 5. Nc3 e6 6. Ndb5 Bb4 7. a3 Bxc3+ 8. Nxc3 d5 9. Bd3 dxe4 10. Nxe4 Nxe4 11. Bxe4 Qxd1+ 12. Kxd1 Bd7 13. Be3 {B45: Sicilian Four Knights.} f5 14. Bf3 O-O-O 15. Kc1 {The position is equal.} e5 16. Re1 {[#]} f4 $146 ({Predecessor:} 16... Kc7 17. b3 Rhe8 18. g3 Nd4 19. Bxd4 exd4 20. Kd2 Bc6 21. Bxc6 Kxc6 22. Rad1 Kd5 {1-0 (51) Van der Wiel,J (2508)-Beckhuis,G (2324) Amsterdam 2005}) 17. Bd2 Nd4 18. Be4 Bc6 19. a4 Rd6 20. Bxc6 Rxc6 (20... bxc6 {keeps more tension.} 21. Kb1 Nf3 22. gxf3 Rxd2 23. Rxe5 Rhd8) 21. Bc3 f3 22. Bxd4 exd4 $14 {[%mdl 4096] Endgame KRR-KRR} 23. g3 g5 24. Re4 Kb8 {Black wants to play ...Rhc8.} 25. Kd2 g4 26. Kd3 Rhc8 27. Rc1 h5 28. Re5 $1 ({Don't play} 28. Rxd4 $6 Re6 $11) 28... Rb6 29. Rxh5 Rxb2 {[#]} 30. Rg5 $1 Re8 31. Rxg4 Re2 32. Rxd4 Rxf2 33. h4 Rg2 $2 {[#] This move loses the game for Black.} (33... Rh2 $16 34. Rf4 f2) 34. g4 $1 $18 Rb6 35. g5 Rc6 36. Rf4 Rh2 37. Rf1 Rhxc2 (37... Rcxc2 {was worth a try.} 38. R1xf3 (38. R4xf3 Rcd2+ 39. Ke4 Rxh4+ 40. Rf4 Rhh2 $18) 38... Rhd2+ 39. Ke4 Rg2 40. Rf8+ Kc7 41. R8f7+ Kb8) 38. R1xf3 a5 (38... Rg2 $142 39. Rf8+ Kc7 40. R8f7+ Kb6) 39. h5 R2c3+ 40. Ke4 R3c5 41. h6 Rxg5 42. h7 Rh5 43. Rf8+ Ka7 44. h8=Q Rxh8 45. Rxh8 Rc4+ 46. Kd5 Rxa4 47. Rb3 {White mates.} Rg4 48. Rh7 Ka6 49. Rbxb7 {Weighted Error Value: White=0.08/Black=0.56} 1-0

[Event "Chinese-ch Men 2020"]
[Site "Xinghua"]
[Date "2020.12.25"]
[Round "7.2"]
[White "Xu, Yinglun"]
[Black "Wei, Yi"]
[Result "1/2-1/2"]
[WhiteElo "2554"]
[BlackElo "2732"]
[Annotator "TA"]
[PlyCount "59"]
[EventDate "2020.12.19"]
[EventType "tourn"]
[EventCountry "CHN"]
[SourceTitle "playchess.com"]
[Source "ChessBase"]
[SourceQuality "1"]

{[%evp 10,59,20,12,12,2,4,0,17,12,20,27,28,15,27,0,0,0,0,0,0,0,0,0,0,-1,27,30,39,22,44,0,17,23,22,5,9,27,35,32,53,50,122,121,172,140,132,132,241,244,251,242]} 1. c4 Nf6 2. Nc3 e6 3. e4 d5 4. cxd5 exd5 5. e5 Ne4 6. Nf3 Bf5 {A18: English Opening: Flohr-Mikenas System (1 c4 Nf6 2 Nc3 e6 3 e4).} 7. Be2 d4 8. Nxe4 Bxe4 {The position is equal.} 9. Bc4 Nc6 10. O-O {[#]} Qd7 $146 ({Predecessor:} 10... Bd5 11. d3 Bxc4 12. dxc4 h6 13. Qb3 Qd7 14. Qxb7 Rb8 15. Qa6 Rb6 16. Qa4 Bc5 {½-½ (45) Kermer,W (2324)-Pietrobono,A (2284) ICCF email 2017}) 11. Re1 Bd5 12. Bxd5 Qxd5 13. d3 O-O-O 14. Re4 f5 15. exf6 $1 gxf6 16. Nh4 Rg8 17. Qf3 Ne5 18. Qe2 Nf7 19. Bf4 Bd6 {[#] Strongly threatening ...f5.} 20. Qf3 Qb5 21. Bxd6 Nxd6 22. Re2 Kb8 23. g3 Nf7 24. Qf5 Qa6 25. Nf3 Qc6 ({Better is} 25... Nd6 $14 26. Qf4 (26. Qxf6 $2 Rgf8 $19) (26. Qxh7 Rh8 $11) 26... Qxd3) 26. Rae1 $16 a5 (26... Ng5 $16 27. Nxg5 fxg5) 27. Re7 ({Don't take} 27. Qxh7 $6 Qxf3 28. Qxf7 Qxd3 $14) 27... Ng5 28. Nxg5 Rxg5 (28... fxg5 $16 29. Qxa5 (29. Rxh7 b6 $16) 29... h6) 29. Qxh7 $18 Rc5 30. Qe4 {Weighted Error Value: White=0.05/Black=0.15} 1/2-1/2

[Event "Chinese-ch Men 2020"]
[Site "Xinghua"]
[Date "2020.12.25"]
[Round "7.3"]
[White "Zhao, Jun"]
[Black "Bai, Jinshi"]
[Result "1-0"]
[WhiteElo "2638"]
[BlackElo "2618"]
[Annotator "TA"]
[PlyCount "65"]
[EventDate "2020.12.19"]
[EventType "tourn"]
[EventCountry "CHN"]
[SourceTitle "playchess.com"]
[Source "ChessBase"]
[SourceQuality "1"]

{[%evp 12,65,18,18,18,16,28,20,13,20,23,24,26,0,0,0,0,0,0,-10,0,-12,0,0,9,0,30,14,17,19,17,19,23,0,0,0,164,167,154,147,83,95,184,172,670,670,661,664,653,651,724,718,718,714,677,677]} 1. d4 d5 2. c4 c6 3. Nf3 Nf6 4. Nc3 dxc4 5. a4 e6 6. e3 c5 7. Bxc4 cxd4 {is now more promising than 7...Nc6. D16: Slav Defence: 5 a4: Lines with 5...Bg4 and 5...Na6.} 8. exd4 Be7 9. O-O O-O {The position is equal. 9...Nc6 is not played anymore.} 10. Qe2 Nc6 11. Rd1 Nb4 12. Ne5 Bd7 13. Bf4 $5 {[%mdl 4] Leaves trodden paths.} Bc6 14. Nxc6 bxc6 15. a5 Nbd5 16. Be5 Bb4 {[#]} 17. Nxd5 $146 ({Predecessor:} 17. Rd3 Bxa5 18. Nxd5 cxd5 19. Bxf6 Qxf6 20. Bxd5 exd5 21. Rxa5 Rae8 22. Qd2 Qb6 23. g3 {½-½ (32) Zaja,I (2430)-Pilaj,H (2375) Austria 2003}) 17... cxd5 18. Ba6 Bd6 19. Bb7 Rb8 20. a6 Ne4 21. Rac1 Re8 22. Rd3 Qb6 23. Qc2 f6 $2 {[#]} (23... Rf8 $11 {and Black is okay.}) 24. Rb3 $1 $18 Qa5 25. Bxd6 Nxd6 {[#]} 26. Qc5 $1 {[%cal Rc5a5]} Nxb7 (26... Qd2 $16) 27. axb7 ({Much less strong is} 27. Rxb7 Qxa6 28. Rxa7 Qd3 $14) 27... Qxc5 (27... Qa4 28. Rb5 h6) 28. dxc5 $16 {Threatens to win with c6. KRR-KRR. White is clearly winning.} ({Not} 28. Rxc5 Kf7 $14) 28... Re7 29. c6 {Strongly threatening c7.} Rc7 30. g3 d4 31. Ra3 Kf7 32. Rxa7 d3 33. Ra8 {Weighted Error Value: White=0.03/Black=0.54} 1-0

[Event "Chinese-ch Men 2020"]
[Site "Xinghua"]
[Date "2020.12.25"]
[Round "7.4"]
[White "Yu, Yangyi"]
[Black "Lin, Yi"]
[Result "1-0"]
[WhiteElo "2709"]
[BlackElo "2408"]
[Annotator "TA"]
[PlyCount "147"]
[EventDate "2020.12.19"]
[EventType "tourn"]
[EventCountry "CHN"]
[SourceTitle "playchess.com"]
[Source "ChessBase"]
[SourceQuality "1"]

{[%evp 9,147,10,5,16,14,20,15,12,20,2,40,41,39,41,34,10,33,36,69,74,54,16,17,16,17,19,26,8,12,10,5,8,27,29,28,19,47,57,51,45,62,59,54,33,32,21,19,42,28,17,20,15,25,27,28,0,12,0,29,24,82,82,82,77,89,97,85,92,87,80,177,176,211,189,189,111,189,184,174,151,306,195,195,133,306,306,306,306,306,225,306,306,306,306,306,306,306,306,306,306,306,296,296,296,296,303,4743,4743,4743,4743,4743,4743,4743,4743,4743,4743,4743,4743,4743,4743,4743,4743,4743,4743,4743,4743,29986,4743,29978,29979,29979,29980,29980,29981,29981,29982,29982,29983,29983,29984]} 1. e4 e5 2. Nf3 Nf6 3. d4 Nxe4 4. dxe5 d5 5. Nbd2 {[%cal Bb1d2,Bd2f1,Bf1g3,Bg3h5][%mdl 32]} Nc5 6. Be2 {C43: Petroff Defence: 3 d4.} Be7 7. O-O O-O 8. Re1 {The position is equal.} Nc6 9. Nf1 f6 10. exf6 Bxf6 11. Ng3 {[#]} Be6 $146 ({Predecessor:} 11... Qd6 12. c3 Be6 13. Ng5 Bd7 14. Bf3 Ne7 15. Be3 Ne6 16. Nxe6 Bxe6 17. Qe2 Bf7 {½-½ (27) Harikrishna,P (2766)-Wei,Y (2706) Wijk aan Zee 2017}) 12. Nh5 Ne4 13. c3 Ne5 14. Nxf6+ Qxf6 15. Qd4 (15. Nxe5 {keeps more tension.} Qxe5 16. Be3 Qf6 17. f3 Nd6 18. Bc5) 15... Nxf3+ 16. Bxf3 Qxd4 17. cxd4 Rae8 18. Be3 c6 19. Be2 Nd6 20. f3 Nc4 21. Bc1 Bf5 22. Kf2 Rf6 23. b3 Nd6 24. Bf4 Rfe6 25. g4 Bg6 26. Be5 h5 27. h3 hxg4 28. hxg4 Nf7 29. Bf4 Rf6 30. Bd2 Nd6 {Threatening ...Ne4+.} 31. Kg3 Rfe6 32. Kf2 Rf6 {next ...Ne4+ is good for Black.} 33. Kg3 Rfe6 34. Bf1 Nb5 (34... Rxe1 $11 35. Bxe1 a6) 35. Rxe6 $16 Rxe6 {[#]} 36. f4 $1 {[%cal Rf4f5]} Nxd4 37. f5 Nxf5+ 38. gxf5 Bxf5 39. b4 a6 (39... Kf7 $16) 40. Kf4 $18 g6 41. Re1 Kf7 42. Re5 (42. Rxe6 $18 Kxe6 43. Bc3) 42... Kf6 (42... Bb1 $16) 43. Rxe6+ Kxe6 44. Be3 Kd6 $2 (44... Bb1 $16 {was called for.} 45. Bh3+ Bf5) 45. Bb6 Bb1 46. a4 a5 $2 {This move loses the game for Black.} (46... g5+ $16 {was worth a try.} 47. Kxg5 Ke5) 47. Bc5+ ({Not} 47. Bxa5 Bc2 $16) ({Don't play} 47. bxa5 c5 $18) 47... Kc7 48. bxa5 Bc2 49. Ke5 Bxa4 50. Bd6+ Kd8 51. Bd3 Bd1 52. Bxg6 {[#] Bf5 is the strong threat.} Bg4 53. Kd4 Kc8 54. Kc5 Bh3 55. Kb6 Bg4 56. Be5 Bh3 57. Be8 {Black must now prevent Bxc6!} Bf1 $2 (57... d4 58. Bxd4 Bf5) 58. Kc5 Bh3 59. Kd6 Kb8 60. Bd4 Bf5 61. Bh5 Bh3 62. Be2 Bf5 63. Bf1 Bg4 64. Bd3 Bh3 65. Ke7 c5 66. Bxc5 d4 67. Be4 {White wants to mate with a6.} d3 68. Be3 (68. a6 $142 bxa6 69. Kd8 Bg2 70. Bxg2 a5 71. Be4 d2 72. Bf3 a4 73. Ba3) 68... Kc8 69. Bf4 {White mates.} d2 70. Bxd2 Kb8 71. Kd8 Bf1 72. Bf4+ Ka7 73. Kc7 Ka6 74. Bd2 {Weighted Error Value: White=0.08/Black=0.19} 1-0

[Event "Chinese-ch Men 2020"]
[Site "Xinghua"]
[Date "2020.12.25"]
[Round "7.5"]
[White "Wen, Yang"]
[Black "Huang, Renjie"]
[Result "1/2-1/2"]
[WhiteElo "2594"]
[BlackElo "2422"]
[Annotator "TA"]
[PlyCount "60"]
[EventDate "2020.12.19"]
[EventType "tourn"]
[EventCountry "CHN"]
[SourceTitle "playchess.com"]
[Source "ChessBase"]
[SourceQuality "1"]

{[%evp 18,60,43,41,56,47,50,54,59,44,44,62,60,29,36,17,28,0,0,0,0,0,0,-3,-10,-11,-9,-14,-9,-24,-16,-18,0,0,0,0,0,-4,0,-4,0,-4,-3,-4,0]} 1. e4 c5 2. Nf3 Nc6 3. d4 cxd4 4. Nxd4 g6 5. c4 Nf6 6. Nc3 d6 7. Be2 Nxd4 8. Qxd4 Bg7 9. Be3 O-O 10. Qd3 Be6 {B36: Sicilian: Maroczy Bind: Gurgenidze System.} 11. Bd4 Nd7 12. Bxg7 Kxg7 {White is slightly better.} 13. O-O Qa5 14. b3 a6 {[#]} 15. Rac1 $146 ({Predecessor:} 15. a3 Qc5 16. Nd5 Bxd5 17. exd5 Rab8 18. b4 Qa7 19. Bg4 Nf6 20. Qc3 Kg8 21. Bf3 {½-½ (66) Feco,J (2461)-Kisch,E (2227) ICCF email 2017}) 15... Rab8 16. Kh1 f6 17. Rc2 b5 18. cxb5 axb5 19. Nd5 ({Reject} 19. Nxb5 Nc5 $17) 19... Ne5 20. Qe3 Bxd5 21. exd5 Rfc8 22. Rxc8 Rxc8 23. f4 Nf7 24. Qxe7 {The position is equal.} Qxa2 25. Bxb5 {Be8 is the strong threat.} Rc2 26. Rg1 {Strongly threatening Be8.} ({Don't play} 26. Be8 Rxg2 27. Qxf7+ Kh6 $17) 26... Qxb3 {[%mdl 64] [#] Double Attack} 27. Bc6 Qc4 28. Be8 Qxd5 29. Bxf7 Qxf7 30. Qxd6 Qc7 {Weighted Error Value: White=0.05/Black=0.04} 1/2-1/2